Online
Catalog

Diccionario de lingüística / (Record no. 43360)

MARC details
000 -CABECERA
campo de control de longitud fija 00785nam a2200217 a 4500
001 - NÚMERO DE CONTROL
campo de control 000043871
005 - FECHA Y HORA DE LA ÚLTIMA TRANSACCIÓN
campo de control 20201002045021.0
008 - DATOS DE LONGITUD FIJA--INFORMACIÓN GENERAL
campo de control de longitud fija 140507s1979 sp 000 0 spa d
020 ## - NÚMERO INTERNACIONAL ESTÁNDAR DEL LIBRO
Número Internacional Estándar del Libro 8433540041
040 ## - FUENTE DE LA CATALOGACIÓN
Centro catalogador/agencia de origen DO-SdBNP
Lengua de catalogación spa
Centro/agencia transcriptor BNPHU
041 17 - CÓDIGO DE LENGUA
Código de lengua del texto/banda sonora o título independiente spa
Código de lengua original eng
082 ## - NÚMERO DE LA CLASIFICACIÓN DECIMAL DEWEY
Número de clasificación xxxx
Número de documento/Ítem xxxx
100 1# - ENTRADA PRINCIPAL--NOMBRE DE PERSONA
Nombre de persona Mounin, Georges
9 (RLIN) 61123
240 10 - TÍTULO UNIFORME
Título uniforme Dictionnaire de linguistique
Lenguaje de la obra Español
245 10 - MENCIÓN DE TÍTULO
Título Diccionario de lingüística /
Mención de responsabilidad, etc. dirigido por Georges Mounin ; traductor, Ricardo Pochtar ; adaptador, Eugenio Martínez Celdrán.
260 ## - PUBLICACIÓN, DISTRIBUCIÓN, ETC.
Lugar de publicación, distribución, etc. Barcelona :
Nombre del editor, distribuidor, etc. Labor,
Fecha de publicación, distribución, etc. 1979.
300 ## - DESCRIPCIÓN FÍSICA
Extensión xxxix, 249 p. ;
Dimensiones 20 cm.
500 ## - NOTA GENERAL
Nota general Incluye referencias bibliográficas y notas al pie de las páginas
700 12 - PUNTO DE ACCESO ADICIONAL--NOMBRE DE PERSONA
Nombre de persona Pochtar, Ricardo,
Fechas asociadas al nombre 1942-
9 (RLIN) 71750
700 12 - PUNTO DE ACCESO ADICIONAL--NOMBRE DE PERSONA
Nombre de persona Martínez Celdrán, Eugenio
Término indicativo de función/relación tr.
9 (RLIN) 71751
Holdings
Estado de retiro Estado de pérdida Restricciones de uso No para préstamo Código de colección Localización permanente Ubicación/localización actual Ubicación en estantería Fecha de adquisición Número de inventario Total de préstamos Signatura topográfica completa Código de barras Fecha visto por última vez Precio válido a partir de Tipo de ítem Koha
      Excluido de préstamo Monografías: Libros y Folletos General General En catalogación 07.05.2014 LF1   xxxx xxxx 43871-10 25.06.2020 25.06.2020 No se presta

Powered by Koha